000 00772nam a2200217Ia 4500
003 GCL
008 140319s9999 xx 000 0 ara d
040 _aGCL /
_cGCL
082 0 4 _a020.009
_bك خ
100 1 _aكوركيس عواد
245 1 0 _aخزائن الكتب القديمة فى العراق: منذ اقدم العصور حتى سنة 1000 للهجرة /
_cكوركيس عواد
250 _aالثانية
260 _aبيروت :
_bدار الرائد العربى ،
_c1986
300 _aمتعدد ؛
_c24سم
650 0 4 _aالعراق
650 0 4 _aالمكتبات - العراق
650 0 4 _aالمكتبات القومية
650 0 4 _aالكتب النادرة
650 0 4 _aتاريخ الكتب والمكتبات
942 _2ddc
_cBK
999 _c51259
_d51259